[Event "FRA-chT Top 12 2019"]
[Site "Brest"]
[Date "2019.05.23"]
[Round "6.6"]
[White "Ringuet, Noe"]
[Black "Le Roux, Jean-Pierre"]
[Result "0-1"]
[WhiteElo "2143"]
[BlackElo "2539"]
[Annotator "TA"]
[PlyCount "76"]
[EventDate "2019.05.18"]
[EventType "team-tourn"]
[EventCountry "FRA"]
[SourceTitle "playchess.com"]
[Source "ChessBase"]
[SourceQuality "1"]

{[%evp 9,76,31,38,25,24,9,11,10,45,26,54,52,45,0,25,0,44,-8,0,7,0,-8,-12,-12,-10,-39,-37,-33,-44,-24,-17,-15,-12,-73,-89,-91,-87,-73,-29,-304,-287,-328,-312,-508,-532,-512,-493,-497,-508,-1544,-1539,-1118,-406,-621,-605,-643,-578,-964,-819,-808,-620,-1137,-1137,-1664,-1653,-1620,-1573,-5269,-3463]} 1. e4 g6 2. d4 Bg7 3. Nc3 d6 4. h3 a6 5. Nf3 b5 6. Bd3 {B06: Modern Defence} Nd7 (6... Bb7 7. a4 b4 8. Ne2 Nd7 9. O-O Ngf6 10. Ng3 c5 11. c3 O-O 12. Be3 a5 13. Qd2 c4 {½-½ (21) Atabayev,M (2488)-Wei,Y (2748) Ashkhabad 2017}) 7. Ne2 Bb7 8. O-O {The position is equal.} e6 9. Ng3 $146 ({Predecessor:} 9. Bg5 Ne7 10. Qd2 O-O 11. Bh6 c5 {1-0 (67) Lujan,C (2378)-Carraro,D (2092) Villa Martelli 2015}) 9... Ne7 10. a4 b4 11. Qe2 O-O 12. Rd1 Re8 13. h4 (13. c3 $14) 13... c5 $11 14. c3 Nc6 {[%cal Rc5d4]} 15. Be3 cxd4 16. cxd4 e5 {[%cal Rc6d4]} 17. Bc4 {Threatening Bxf7+!} Nxd4 18. Nxd4 exd4 19. Bxd4 Ne5 20. h5 ({Reject} 20. Bxe5 Bxe5 21. Qf3 Qc7 $17) 20... Qh4 21. hxg6 (21. Rac1 $11 {keeps the balance.}) 21... hxg6 $17 22. Rac1 Re7 23. Bb6 Bh6 24. Rc2 $2 {[%mdl 8192]} (24. Be3 $11) 24... Bf4 $19 25. Nf1 {[#]} Bxe4 $1 {[%mdl 512]} 26. Qxe4 $2 {[#]} (26. Rd4 {was forced.} Bf3 27. gxf3 Qg5+ 28. Ng3 Bxg3 29. fxg3 Nxc4 30. Qxe7 Qxe7 31. Rdxc4) 26... Bh2+ $1 {[%mdl 576] Discovered Attack} 27. Nxh2 Qxe4 28. Bb3 Kg7 {Hoping for ...Rh8.} 29. Rxd6 (29. f3 $142 Qf4 30. Bd5) 29... Rh8 30. Nf1 Rd7 (30... Qh4 $142 {[%csl Gh8][%cal Rh4h1]} 31. f3 {[#]} Nxf3+ $1 {[%mdl 512]} 32. gxf3 Qh1+ {[%mdl 64] Double Attack} 33. Kf2 Rh2+ $1 {[%mdl 512]} 34. Nxh2 Qxh2+ {[%mdl 64] Double Attack} 35. Kf1 Qxd6) 31. Rxd7 (31. Rcd2 $142 Rxd6 32. Rxd6) 31... Nxd7 {Black is clearly winning.} 32. Be3 Qd3 33. Nd2 Ne5 34. Rc7 Rf8 {...Ng4 is the strong threat.} 35. Bf4 Ng4 {Strongly threatening ...Qe2.} 36. Bd1 {[#]} Qd4 $1 {[%mdl 64] Double Attack} 37. Bg3 Nf6 38. Rc2 {[#]} b3 $1 {Accuracy: White = 31%, Black = 69%.} 0-1

[Event "FRA-chT Top 12 2019"]
[Site "Brest"]
[Date "2019.05.23"]
[Round "6.7"]
[White "Maze, Sebastien"]
[Black "Le Hay, Thierry"]
[Result "1-0"]
[WhiteElo "2579"]
[BlackElo "2055"]
[Annotator "TA"]
[PlyCount "99"]
[EventDate "2019.05.18"]
[EventType "team-tourn"]
[EventCountry "FRA"]
[SourceTitle "playchess.com"]
[Source "ChessBase"]
[SourceQuality "1"]

{[%evp 17,99,0,4,-14,-5,-13,-10,-35,-35,-39,9,6,12,-43,15,10,41,34,62,24,41,41,46,33,40,5,28,0,0,0,0,0,0,-41,92,96,96,92,156,156,249,249,372,372,381,362,389,392,379,377,423,433,647,627,905,875,1756,1771,6183,5912,29982,29983,29986,29987,29989,29990,29990,29989,29989,29985,29986,29987,29987,29988,29990,29991,29991,29992,29996,29997,29997,29998,29998,29999]} 1. e4 e6 2. d4 d5 3. Nc3 Bb4 4. e5 c5 5. a3 Bxc3+ 6. bxc3 Qc7 7. Nf3 b6 8. Bb5+ Bd7 9. Bd3 Ba4 10. Bd2 {C18: French: 3 Nc3 Bb4: Main line: 7 h4 and 7 Qg4} (10. h4 cxd4 11. cxd4 Qc3+ 12. Bd2 Qxd3 13. cxd3 Bxd1 14. Kxd1 h5 15. Rc1 Kd7 16. Rh3 Ne7 17. Ng5 f6 {½-½ (128) Wan,Y (2477)-Fedoseev,V (2674) China 2015}) 10... c4 $146 ({Predecessor:} 10... Ne7 11. h4 Nbc6 12. h5 h6 13. Rh4 c4 14. Bf1 O-O-O 15. Rf4 Rdf8 16. g3 g5 17. hxg6 Nxg6 {0-1 (34) Boudre,J (2389)-Solakian,J (2240) Montpellier 1999}) 11. Be2 Nc6 12. h4 {The position is equal.} f6 {[%cal Rf6e5]} 13. Bf4 {[#] Hoping for exf6.} Nge7 14. h5 Qd7 15. Bh2 (15. h6 $11 g5 16. Be3) 15... f5 (15... Rg8 $15) 16. h6 gxh6 17. Bf4 O-O-O 18. Rxh6 Rde8 19. Kd2 Nd8 20. Qh1 Nf7 21. Rh5 Ng6 22. Bh6 Reg8 23. g3 Nxh6 24. Rxh6 Qe7 25. Qh5 Nf8 (25... Rg7 $15 {stays ahead.}) 26. Qh4 $16 Qxh4 27. Nxh4 Ng6 (27... Bd7 $142) 28. Rh1 {aiming for Nxg6.} Be8 {[#]} (28... Nf8 $16 29. Ng2 Rg6) 29. Nxg6 $1 $18 Bxg6 (29... Rxg6 {was worth a try.} 30. Rxh7 Rxh7 31. Rxh7 Bd7) 30. Bh5 Bxh5 31. R1xh5 Re8 32. Rxh7 Rxh7 33. Rxh7 {[%mdl 4096] Endgame KR-KR} Kb8 34. Ke3 a6 (34... Kc8 $142 35. Rxa7 Kb8) 35. Kf4 b5 36. Kg5 Rg8+ 37. Kf6 f4 38. gxf4 Rg2 39. Kxe6 {White mates.} Rxf2 40. f5 Rxc2 41. f6 Rxc3 42. f7 {[%cal Rf7f8]} Rf3 43. Rh8+ Kc7 44. f8=Q Rxf8 45. Rxf8 a5 46. Kxd5 {KR-K3P} c3 47. e6 b4 48. e7 c2 49. e8=Q {[%csl Gd5][%cal Re8c6]} c1=Q 50. Qb8+ {[%mdl 64] Double Attack. Accuracy: White = 60%, Black = 27%.} 1-0

[Event "FRA-chT Top 12 2019"]
[Site "Brest"]
[Date "2019.05.23"]
[Round "6.7"]
[White "Sokolov, Andrei"]
[Black "Riff, Vincent"]
[Result "1-0"]
[WhiteElo "2496"]
[BlackElo "2399"]
[Annotator "RC"]
[PlyCount "87"]
[EventDate "2019.05.18"]
[EventType "team-tourn"]
[EventCountry "FRA"]
[SourceTitle "playchess.com"]
[Source "ChessBase"]
[SourceQuality "1"]
[TimeControl "40/5400+30:1800+30"]

1. e4 {[%emt 0:00:00]} c5 {[%emt 0:00:00]} 2. Nc3 {[%emt 0:00:00]} Nc6 {[%emt 0:00:26]} 3. Nf3 {[%emt 0:00:19]} Nf6 {[%emt 0:00:41]} 4. Bb5 {[%emt 0:02:05]} Qc7 {[%emt 0:00:59]} 5. O-O {[%emt 0:04:56]} Nd4 {[%emt 0:02:50]} 6. Re1 {[%emt 0:05:31]} a6 {[%emt 0:01:00]} 7. Bf1 {[%emt 0:00:54]} Ng4 {[%emt 0:01:01]} 8. g3 {[%emt 0:04:46]} Nxf3+ {[%emt 0:00:18]} 9. Qxf3 {[%emt 0:00:19]} Ne5 {[%emt 0:00:02]} 10. Qe3 {[%emt 0:08:29]} e6 {[%emt 0:00:07]} 11. b3 {[%emt 0:02:06]} Be7 {[%emt 0:19:56]} 12. Bb2 {[%emt 0:07:15]} O-O {[%emt 0:01:28]} 13. f4 {[%emt 0:06:17]} Nc6 {[%emt 0:08:37]} 14. Nd5 {[%emt 0:01:31]} exd5 {[%emt 0:14:07]} 15. exd5 {[%emt 0:00:32]} Qd6 {[%emt 0:17:58]} 16. dxc6 {[%emt 0:06:02]} Bf6 {[%emt 0:00:06]} 17. Bxf6 {[%emt 0:05:22]} Qxf6 {[%emt 0:00:08]} 18. Qxc5 {[%emt 0:10:34]} dxc6 {[%emt 0:01:00]} 19. Re5 {[%emt 0:00:15]} Be6 {[%emt 0:04:40]} 20. Rae1 {[%emt 0:00:31]} Rad8 {[%emt 0:00:34]} 21. d3 {[%emt 0:01:37]} Rd5 {[%emt 0:00:14]} 22. Qb6 {[%emt 0:04:59]} Rb5 {[%emt 0:02:26]} 23. Qe3 {[%emt 0:03:35]} Qd8 {[%emt 0:01:02]} 24. Bg2 {[%emt 0:04:10]} Qa5 {[%emt 0:01:14]} 25. a4 {[%emt 0:08:37]} Rxe5 {[%emt 0:00:26]} 26. Qxe5 {[%emt 0:03:22]} Qd2 {[%emt 0:00:32]} 27. Re2 {[%emt 0:02:43]} Qd1+ {[%emt 0:00:31]} 28. Kf2 {[%emt 0:02:08]} Bg4 {[%emt 0:00:31]} 29. Bf3 {[%emt 0:00:07]} Bh3 {[%emt 0:01:10]} 30. g4 {[%emt 0:01:31]} Qf1+ {[%emt 0:01:46]} 31. Kg3 {[%emt 0:00:54]} Bxg4 {[%emt 0:03:16]} 32. Bxg4 {[%emt 0:00:28]} Qg1+ {[%emt 0:00:05]} 33. Rg2 {[%emt 0:00:40]} Qc1 {[%emt 0:00:02]} 34. h3 {[%emt 0:01:09]} g6 {[%emt 0:00:11]} 35. Kh2 {[%emt 0:00:32]} f6 {[%emt 0:00:06]} 36. Qe6+ {[%emt 0:01:19]} Kg7 {[%emt 0:00:07]} 37. Rf2 {[%emt 0:00:51]} f5 {[%emt 0:00:03]} 38. Qe7+ {[%emt 0:01:30]} Rf7 {[%emt 0:00:08]} 39. Qe5+ {[%emt 0:00:10]} Kh6 {[%emt 0:01:14]} 40. Bf3 {[%emt 0:00:28]} Qa3 {[%emt 0:00:09]} 41. Re2 {[%emt 0:30:36]} Qb4 {[%emt 0:30:33]} 42. Kg3 {[%emt 0:00:00]} Qa3 {[%emt 0:00:00]} 43. Kg2 {[%emt 0:00:00]} Qb4 {[%emt 0:00:00]} 44. h4 {[%emt 0:00:00]} 1-0

[Event "FRA-chT Top 12 2019"]
[Site "Brest"]
[Date "2019.05.23"]
[Round "6.7"]
[White "Barseghyan, Harutyun"]
[Black "Relange, Eloi"]
[Result "1-0"]
[WhiteElo "2470"]
[BlackElo "2456"]
[Annotator "TA"]
[PlyCount "67"]
[EventDate "2019.05.18"]
[EventType "team-tourn"]
[EventCountry "FRA"]
[SourceTitle "playchess.com"]
[Source "ChessBase"]
[SourceQuality "1"]

{[%evp 20,67,47,21,66,0,0,0,4,0,1,-14,8,-6,23,14,14,27,29,27,101,39,43,0,5,0,0,0,0,-8,77,70,69,60,75,31,57,43,38,15,83,82,68,68,691,685,663,660,1264,1131]} 1. d4 d6 2. Nf3 g6 3. c4 Bg7 4. Nc3 Nf6 5. e4 O-O 6. Be2 Na6 7. O-O e5 8. Be3 Ng4 9. Bg5 Qe8 10. h3 h6 11. Bh4 Nf6 {E94: King's Indian: Classical: 6 Be2 e5 7 0-0: Various Black 7th moves} (11... exd4 12. Nxd4 Nf6 13. f3 Nh5 14. Qd2 Qe5 15. Bf2 Nf4 16. Nd5 Nxe2+ 17. Qxe2 c6 18. f4 Qe8 19. Nc3 {½-½ (129) Bukavshin,I (2657)-Kokarev,D (2611) Khanty-Mansiysk 2015}) 12. dxe5 (12. Bxf6 $14 Bxf6 13. c5) 12... dxe5 $11 13. Qc2 c6 $146 {The position is equal.} ({Predecessor:} 13... Nh5 14. Nd5 g5 15. Bg3 Nf4 16. Rfe1 c6 17. Ne3 Nxe2+ 18. Rxe2 f6 19. Nh2 {0-1 (38) Mareck,S (2181)-Held,P (2264) Wuerttemberg 2012}) 14. Rad1 Nh5 15. a3 Be6 16. Rfe1 Nf4 17. Bf1 g5 18. Bg3 Qe7 19. b4 Bf6 (19... Rfd8 $11 {keeps the balance.}) 20. c5 (20. Bxf4 $16 gxf4 21. Nd5 cxd5 22. exd5) 20... Nc7 $14 {[%cal Ba6c7,Bc7e6,Be6f4][%mdl 32]} 21. Nd2 b6 22. Nc4 Bxc4 23. Bxc4 bxc5 24. bxc5 {Hoping for Bxf4.} Qxc5 {[#]} (24... Rad8 $11) 25. Nb5 $1 $16 {[%cal Rb5c7,Bc3b5,Bb5d6,Bd6f5][%mdl 32]} Nce6 26. Nd6 $1 Rad8 27. Nf5 (27. Bxf4 $5 {[%cal Rf4e3]} Rxd6 28. Be3 Rxd1 29. Rxd1 $16) 27... Bg7 28. Rxd8 Rxd8 29. Qa2 Rd7 (29... Qa5 $11 {remains equal.} 30. Rb1 Rd2) 30. Bxf4 Nxf4 31. Rb1 Qa5 $2 {[%mdl 8192] [#]} (31... Qf8 $14) 32. Bxf7+ $1 $18 {[%mdl 512] White is clearly winning.} Kh7 (32... Rxf7 33. Rb8+) 33. Bg8+ Kg6 34. g3 {Accuracy: White = 39%, Black = 37%.} 1-0

[Event "FRA-chT Top 12 2019"]
[Site "Brest"]
[Date "2019.05.23"]
[Round "6.7"]
[White "Jeanne, Mickael"]
[Black "Genzling, Alain"]
[Result "0-1"]
[WhiteElo "2150"]
[BlackElo "2376"]
[Annotator "NA RC"]
[PlyCount "68"]
[EventDate "2019.05.18"]
[EventType "team-tourn"]
[EventCountry "FRA"]
[SourceTitle "playchess.com"]
[Source "ChessBase"]
[SourceQuality "1"]
[TimeControl "40/5400+30:1800+30"]

1. Nf3 {[%emt 0:00:00]} c5 {[%emt 0:00:00]} 2. c4 {[%emt 0:00:30]} g6 {[%emt 0:00:10]} 3. Nc3 {[%emt 0:00:26]} Bg7 {[%emt 0:00:24]} 4. g3 {[%emt 0:00:19]} Nc6 {[%emt 0:04:46]} 5. Bg2 {[%emt 0:00:39]} e5 {[%emt 0:00:35]} 6. O-O {[%emt 0:02:01]} Nge7 {[%emt 0:01:58]} 7. a3 {[%emt 0:06:46]} a5 {[%emt 0:05:31]} 8. Ne1 {[%emt 0:00:56]} O-O {[%emt 0:00:21]} 9. Nc2 {[%emt 0:00:23]} Rb8 {[%emt 0:02:14]} 10. Ne3 {[%emt 0:01:49]} Nd4 $11 {[%emt 0:06:38]} 11. Ned5 {[%emt 0:08:49]} Nxd5 {[%emt 0:09:34]} 12. Bxd5 {[%emt 0:10:53]} d6 {[%emt 0:08:48]} 13. Rb1 {[%emt 0:28:07]} b5 {[%emt 0:27:18]} 14. e3 {[%emt 0:12:55]} b4 {[%emt 0:00:36]} 15. axb4 {[%emt 0:00:24]} axb4 {[%emt 0:00:51]} 16. exd4 {[%emt 0:11:51]} bxc3 {[%emt 0:01:57]} 17. dxc5 {[%emt 0:00:54]} Bf5 {[%emt 0:07:11]} 18. d3 {[%emt 0:00:16]} cxb2 {[%emt 0:09:01]} 19. Rxb2 {[%emt 0:01:13]} dxc5 {[%emt 0:00:59]} 20. Rxb8 {[%emt 0:03:46]} Qxb8 {[%emt 0:00:01]} 21. Be3 {[%emt 0:01:59]} Qb4 {[%emt 0:00:03]} 22. Qe2 {[%emt 0:01:33]} Qa3 {[%emt 0:01:14]} 23. Rd1 {[%emt 0:00:59]} h5 {[%emt 0:00:54]} 24. Kg2 {[%emt 0:02:48]} Rb8 {[%emt 0:01:32]} 25. Be4 {[%emt 0:00:44]} Bg4 {[%emt 0:00:56]} 26. f3 {[%emt 0:00:51]} Be6 {[%emt 0:00:08]} 27. g4 {[%emt 0:00:55]} Rb2 {[%emt 0:08:11]} 28. Rd2 {[%emt 0:00:05]} Rxd2 {[%emt 0:00:19]} 29. Bxd2 {[%emt 0:00:36]} hxg4 {[%emt 0:00:01]} 30. fxg4 {[%emt 0:00:14]} Qa2 {[%emt 0:00:01]} 31. Bf3 {[%emt 0:00:31]} e4 {[%emt 0:01:03]} 32. dxe4 {[%emt 0:00:37]} Bxc4 {[%emt 0:00:02]} 33. Qf2 {[%emt 0:00:36]} Bd4 {[%emt 0:00:18]} 34. Be3 {[%emt 0:00:59]} Bxe3 {[%emt 0:00:05]} 0-1

[Event "FRA-chT Top 12 2019"]
[Site "Brest"]
[Date "2019.05.23"]
[Round "6.7"]
[White "Nelis, Jean-Francois"]
[Black "Cornette, Matthieu"]
[Result "1/2-1/2"]
[WhiteElo "2149"]
[BlackElo "2553"]
[Annotator "RC"]
[PlyCount "150"]
[EventDate "2019.05.18"]
[EventType "team-tourn"]
[EventCountry "FRA"]
[SourceTitle "playchess.com"]
[Source "ChessBase"]
[SourceQuality "1"]
[TimeControl "40/5400+30:1800+30"]

1. e4 {[%emt 0:00:00]} c5 {[%emt 0:00:00]} 2. Nf3 {[%emt 0:00:00]} Nc6 {[%emt 0:00:18]} 3. Bb5 {[%emt 0:00:03]} e6 {[%emt 0:00:22]} 4. Bxc6 {[%emt 0:00:20]} bxc6 {[%emt 0:00:07]} 5. b3 {[%emt 0:00:45]} d5 {[%emt 0:00:15]} 6. d3 {[%emt 0:02:10]} Ne7 {[%emt 0:01:18]} 7. Qe2 {[%emt 0:02:19]} Ng6 {[%emt 0:01:48]} 8. h4 {[%emt 0:03:26]} h5 {[%emt 0:01:10]} 9. Bb2 {[%emt 0:04:19]} f6 {[%emt 0:03:04]} 10. g3 {[%emt 0:02:17]} e5 {[%emt 0:00:46]} 11. Nbd2 {[%emt 0:03:50]} Bg4 {[%emt 0:02:34]} 12. Nf1 {[%emt 0:05:17]} Qa5+ {[%emt 0:10:19]} 13. Qd2 {[%emt 0:03:16]} Qb6 {[%emt 0:00:28]} 14. N3h2 {[%emt 0:01:30]} Be6 {[%emt 0:01:47]} 15. c4 {[%emt 0:01:10]} Rd8 {[%emt 0:08:30]} 16. Qc2 {[%emt 0:07:47]} Bd6 {[%emt 0:06:40]} 17. Ne3 {[%emt 0:02:43]} d4 {[%emt 0:01:07]} 18. Nef1 {[%emt 0:01:15]} f5 {[%emt 0:06:56]} 19. exf5 {[%emt 0:01:58]} Bxf5 {[%emt 0:00:06]} 20. Nd2 {[%emt 0:03:06]} Qa5 {[%emt 0:07:52]} 21. O-O {[%emt 0:03:03]} Be7 {[%emt 0:01:36]} 22. Rfe1 {[%emt 0:03:02]} Qc7 {[%emt 0:00:15]} 23. Ne4 {[%emt 0:00:31]} Qd7 {[%emt 0:02:28]} 24. Qe2 {[%emt 0:06:29]} Qe6 {[%emt 0:04:39]} 25. Bc1 {[%emt 0:00:41]} Bxe4 {[%emt 0:04:07]} 26. Qxe4 {[%emt 0:00:14]} O-O {[%emt 0:00:04]} 27. Bd2 {[%emt 0:17:53]} Rf5 {[%emt 0:00:10]} 28. Re2 {[%emt 0:00:30]} Rdf8 {[%emt 0:00:21]} 29. Rf1 Nh8 {[%emt 0:03:14]} 30. Rfe1 {[%emt 0:10:46]} Qg6 {[%emt 0:04:41]} 31. Rb1 {[%emt 0:07:23]} Nf7 {[%emt 0:04:55]} 32. Be1 {[%emt 0:02:07]} Qe6 {[%emt 0:07:41]} 33. Bd2 {[%emt 0:03:24]} Qd7 {[%emt 0:03:59]} 34. Qg2 {[%emt 0:00:38]} Nd6 {[%emt 0:04:46]} 35. Rbe1 {[%emt 0:00:18]} Bf6 {[%emt 0:06:06]} 36. Bc1 {[%emt 0:00:22]} g6 {[%emt 0:00:45]} 37. Ba3 {[%emt 0:01:31]} Nb7 {[%emt 0:00:30]} 38. Nf3 {[%emt 0:00:58]} Qc7 {[%emt 0:00:24]} 39. Bc1 {[%emt 0:00:28]} Nd6 {[%emt 0:01:25]} 40. Nd2 {[%emt 0:00:57]} Bg7 {[%emt 0:01:00]} 41. Ne4 {[%emt 0:30:38]} Nxe4 {[%emt 0:07:10]} 42. Qxe4 {[%emt 0:00:00]} Kh7 {[%emt 0:00:22]} 43. Bg5 {[%emt 0:00:00]} Rf3 {[%emt 0:06:01]} 44. Kg2 {[%emt 0:00:00]} Qd7 {[%emt 0:00:12]} 45. Rd2 {[%emt 0:00:00]} R3f5 {[%emt 0:01:10]} 46. Kg1 {[%emt 0:00:00]} Qf7 {[%emt 0:02:24]} 47. Ree2 {[%emt 0:00:00]} Qc7 {[%emt 0:00:39]} 48. Kg2 {[%emt 0:00:00]} a5 {[%emt 0:01:26]} 49. Rb2 {[%emt 0:00:00]} Bh6 {[%emt 0:00:34]} 50. Bxh6 {[%emt 0:00:00]} Kxh6 {[%emt 0:00:02]} 51. Re1 {[%emt 0:00:00]} g5 {[%emt 0:02:38]} 52. hxg5+ {[%emt 0:00:00]} Rxg5 {[%emt 0:00:04]} 53. Rh1 {[%emt 0:00:00]} Rf4 {[%emt 0:00:17]} 54. Qe2 {[%emt 0:00:00]} Qf7 {[%emt 0:00:57]} 55. Rh3 {[%emt 0:00:00]} Kg6 {[%emt 0:03:39]} 56. Rb1 {[%emt 0:00:00]} Qf5 {[%emt 0:04:13]} 57. f3 {[%emt 0:04:14]} Kg7 {[%emt 0:03:06]} 58. Rbh1 {[%emt 0:00:28]} Qg6 {[%emt 0:00:23]} 59. Kh2 {[%emt 0:01:13]} Rf6 {[%emt 0:01:14]} 60. Rf1 {[%emt 0:00:46]} Rgf5 {[%emt 0:00:53]} 61. Kg2 {[%emt 0:00:40]} Qg5 {[%emt 0:00:18]} 62. Rh4 {[%emt 0:01:19]} Rg6 {[%emt 0:00:26]} 63. Rh3 {[%emt 0:00:10]} Qf6 {[%emt 0:00:39]} 64. Qd2 {[%emt 0:00:34]} Qd8 {[%emt 0:01:21]} 65. Rfh1 {[%emt 0:01:04]} Rfg5 {[%emt 0:00:08]} 66. Kf2 {[%emt 0:00:29]} Qf6 {[%emt 0:00:50]} 67. Qe2 {[%emt 0:00:33]} h4 {[%emt 0:01:41]} 68. Rxh4 {[%emt 0:00:41]} Rxg3 {[%emt 0:00:01]} 69. Rh7+ {[%emt 0:00:48]} Kf8 {[%emt 0:00:51]} 70. Rh8+ {[%emt 0:01:09]} Ke7 {[%emt 0:00:09]} 71. Qe4 {[%emt 0:01:03]} Qg5 {[%emt 0:00:25]} 72. R1h7+ {[%emt 0:00:21]} Kd6 {[%emt 0:00:24]} 73. Qxg6+ {[%emt 0:00:17]} Qxg6 {[%emt 0:00:03]} 74. Rh6 {[%emt 0:00:05]} Rg2+ {[%emt 0:01:32]} 75. Kf1 {[%emt 0:00:05]} Rg1+ {[%emt 0:01:46]} 1/2-1/2

[Event "FRA-chT Top 12 2019"]
[Site "Brest"]
[Date "2019.05.23"]
[Round "6.7"]
[White "Choisy, Mathilde"]
[Black "Terrieux, Kevin"]
[Result "1/2-1/2"]
[WhiteElo "2113"]
[BlackElo "2455"]
[Annotator "TA"]
[PlyCount "94"]
[EventDate "2019.05.18"]
[EventType "team-tourn"]
[EventCountry "FRA"]
[SourceTitle "playchess.com"]
[Source "ChessBase"]
[SourceQuality "1"]

{[%evp 9,94,14,6,7,7,-8,-9,-5,0,6,28,16,2,4,5,-29,-22,-39,-5,-36,-30,-57,-11,-20,0,0,12,0,-2,-14,-2,-10,0,0,0,0,0,-3,0,0,0,3,48,67,70,23,26,18,24,13,23,28,37,22,37,-6,-6,-71,-66,-88,-96,-105,0,-88,60,68,68,0,0,0,0,0,0,13,265,252,240,0,0,0,0,0,0,0,0,0,0]} 1. e4 c5 2. Nf3 e6 3. b3 Nc6 4. Bb2 a6 5. c4 Nf6 6. e5 {B40: Sicilian: 2...e6, Unusual lines} Ng4 7. h3 Nh6 8. Bd3 (8. g4 d6 9. Bg2 dxe5 10. Nxe5 Nxe5 11. Bxe5 f6 12. Bb2 Nf7 13. d4 cxd4 14. Qxd4 {0-1 (32) Onischuk,V (2637)-Svidler,P (2765) Riadh 2017}) 8... d6 9. exd6 f6 10. Be4 Bxd6 11. d4 $146 ({Predecessor:} 11. Bxc6+ bxc6 12. O-O e5 13. Nc3 {1-0 (46) Shirazi,K (2350)-Bauer,C (2658) Wasselonne 2014}) 11... cxd4 12. Bxc6+ bxc6 13. Nxd4 Qc7 14. O-O O-O 15. Nc3 e5 16. Nc2 Bf5 17. Na4 Nf7 18. c5 Be7 19. Ne3 Rad8 20. Qc1 $1 Be6 21. Qc2 Ng5 22. h4 Nf7 23. Rad1 Rb8 24. Bc3 g6 25. h5 f5 26. hxg6 hxg6 27. Qe2 (27. Ng4 $5) 27... Bf6 28. Nc4 Bxc4 29. Qxc4 {Black must now prevent Nb6.} Kg7 30. Nb6 Rbd8 31. Qxa6 Rh8 {Strongly threatening ...e4.} 32. Rxd8 Qxd8 33. Qe2 (33. a4 $11) 33... Qg8 $1 $17 {[%cal Rg8h7][%mdl 1024] ...Qh7 is the strong threat. Black has strong compensation.} 34. f4 Qh7 35. Qf3 Qh2+ $1 36. Kf2 Nh6 (36... Qxf4 $6 37. Qxf4 exf4 38. Bxf6+ Kxf6 39. Rd1 $14) ({Better is} 36... Rh4 $1 $17 {[%cal Rh4f4]} 37. Ke2 Rxf4) 37. Nd7 $36 {[%mdl 2048] White has the initiative.} Ng4+ 38. Ke2 (38. Ke1 $14) 38... e4 $11 39. Bxf6+ $1 Nxf6 (39... Kg8 $5 40. Qc3 $8 Qxg2+ 41. Ke1 Nxf6 42. Nxf6+ Kf7 43. Qc4+ Ke7 44. Nxe4 (44. Qd4 Qg3+ 45. Kd1 Rd8 $11) 44... fxe4 $11) 40. Qc3 Qxg2+ 41. Ke1 Kh6 $2 {[%mdl 8192]} (41... Kg8 $1 $11 42. Nxf6+ Kf7 43. Qc4+ Ke7 44. Nxe4 (44. Qd4 Qg3+ 45. Ke2 Rh2+ 46. Kd1 Rxa2 $11) 44... fxe4) 42. Qxf6 $18 {[%cal Rf6h8][%mdl 64] Double Attack} ({And not} 42. Nxf6 Rd8 $11) 42... Qg3+ {[#]} 43. Ke2 $2 ({White has to play} 43. Rf2 $1 $18 {[%cal Rf6h8]} Ra8 {[#]} 44. Qg5+ $1 {[%mdl 576] Decoy} Qxg5 45. fxg5+ Kxg5 46. Rg2+ Kf4 47. a4 (47. Rxg6 Rxa2 48. Rxc6 Ra1+ 49. Ke2 Ra2+ 50. Kd1 e3 $18)) 43... Qd3+ $1 $11 {[%mdl 64] Double Attack. The position is equal.} 44. Ke1 {[%cal Rf6h8]} Qe3+ 45. Kd1 {[%cal Rf6h8]} Qd3+ {[%mdl 64] Double Attack} 46. Ke1 {[%cal Rf6h8]} Qe3+ 47. Kd1 {[%cal Rf6h8]} Qd3+ {[%mdl 64] Double Attack. Accuracy: White = 68%, Black = 52%.} 1/2-1/2

[Event "FRA-chT Top 12 2019"]
[Site "Brest"]
[Date "2019.05.23"]
[Round "6.8"]
[White "Guichard, Pauline"]
[Black "De Seroux, Camille"]
[Result "1-0"]
[WhiteElo "2430"]
[BlackElo "2143"]
[Annotator "TA"]
[PlyCount "65"]
[EventDate "2019.05.18"]
[EventType "team-tourn"]
[EventCountry "FRA"]
[SourceTitle "playchess.com"]
[Source "ChessBase"]
[SourceQuality "1"]

{[%evp 14,65,0,0,26,22,28,25,28,24,28,12,14,12,18,23,50,32,64,80,64,58,57,52,50,56,52,54,341,347,362,349,680,250,262,263,301,264,249,226,293,289,308,320,509,507,652,653,754,736,2539,2445,29997,29998]} 1. d4 Nf6 2. Nf3 e6 3. Bf4 b6 4. e3 Bb7 5. Bd3 c5 6. c3 Be7 7. h3 O-O 8. Nbd2 cxd4 {A47: 1 d4 Nf6 2 Nf3 b6: Torre, London and Colle Systems} (8... d6 9. O-O Nc6 10. Bh2 Re8 11. a3 Bf8 12. Qe2 g6 13. Rfd1 a6 14. e4 d5 15. e5 Nd7 16. Bf4 b5 17. Qe3 Rc8 {0-1 (48) Grachev,B (2645)-Fedoseev,V (2733) Sochi 2017}) 9. cxd4 d5 10. O-O Nc6 {White has an edge.} 11. a3 Rc8 12. Qe2 Bd6 13. Ne5 $146 ({Predecessor:} 13. Bxd6 Qxd6 14. Rfc1 Rc7 15. Rc3 Rfc8 16. Rac1 h6 {½-½ (16) Spiridonov,N (2405)-Georgiev,K (2410) Pernik 1983}) 13... Qe7 14. Rac1 Nd7 {[%cal Rd7e5]} 15. Ndf3 f6 16. Nxc6 Bxc6 17. Bxd6 Qxd6 18. Rc3 Bb7 19. Rfc1 Rxc3 20. Rxc3 e5 $2 {[%mdl 8192]} (20... g6 $14) 21. Nh4 $1 $18 {[%cal Rh4f5] aiming for Nf5.} g6 {[#]} 22. Qg4 $1 Rf7 $2 {[#]} (22... Kf7 23. Bxg6+ hxg6) 23. Nf5 $2 (23. Bxg6 $1 {[%mdl 512]} hxg6 24. Qxg6+ Kf8 25. Nf5) 23... Qf8 24. Rc7 Bc8 25. Rxa7 Kh8 26. Ng3 f5 27. Qg5 exd4 28. exd4 Nf6 (28... f4 $142 29. Nf1 Qd6) 29. Ra8 Qe8 {intending ...Qc6.} 30. Ba6 Qe1+ 31. Kh2 Kg7 32. Bxc8 {White wants to mate with Nxf5+.} Ne4 33. Nh5+ {Accuracy: White = 77%, Black = 17%.} 1-0